| 000 | 00644nam a2200217Ii 4500 | ||
|---|---|---|---|
| 003 | JO-AjNU | ||
| 008 | 230606s9999||||xx |||||||||||||| ||und|| | ||
| 020 | _a978-0407-55200-1 | ||
| 040 |
_aJO-AjNU _beng _erda _cJO-AjNU |
||
| 041 | _aeng | ||
| 050 | 1 | 4 | _aHF5635 .W5242 2011 |
| 100 | 3 |
_aWeygandt, Jerry J/ Kimmel,Paul D/ Kieso,Donald E, _eauthor _91782 |
|
| 245 | 0 | 0 | _aFinancial accounting |
| 250 | _aIFRS ed | ||
| 264 | 3 | 1 | _aNew York: John Wiley and Sons,2011 |
| 300 |
_a705p _bappendix(A1-PC1) |
||
| 336 |
_atext _btxt _2rdacontent |
||
| 337 |
_aunmediated _bn _2rdamedia |
||
| 338 |
_avolume _bnc _2rdacarrier |
||
| 650 | 4 |
_aAccounting _91783 |
|
| 999 |
_aE939 _c939 _d939 |
||